000 00723nam a2200241Ia 4500
003 GCL
008 140319s9999 xx 000 0 ara d
020 _a7039399977
040 _aGCL /
_cGCL
082 0 4 _a920.71
_bر ف
100 1 _aرجاء النقاش
245 1 0 _aفلاسفة وفنانون /
_cرجاء النقاش
250 _aالاولى
260 _aالقاهرة :
_bأطلس للنشر والانتاج الاعلامى ،
_c2005
300 _a222 ص ؛
_c24 سم
650 0 4 _aموليير
650 0 4 _aسقراط
650 0 4 _aالفلاسفة - تراجم
650 0 4 _aجورج برناردشو
650 0 4 _aسارة برنار
650 0 4 _aلورانس داريل
942 _2ddc
_cBK
999 _c9344
_d9344